000 01092nam a2200337 c 4500
001 44926
003 ES-MaCES
005 20150705153228.0
008 140717s2014 sp t 000 | spa d
017 _aM 15326-2014
_bDL
020 _a9788415781233
040 _aES-MaCES
_bspa
_cES-MaCES
245 0 3 _aLa negociación colectiva en la industria del metal en 2013
_c[autor, Confemetal]
260 _aMadrid
_bFundación Confemetal
_c[2014]
300 _a619 p.
_c23 cm
541 _cGratuito
650 4 _anegociación colectiva
_928362
650 4 _aindustria metalúrgica
_930931
650 4 _aconvenio colectivo
_928361
650 4 _acondiciones de trabajo
_928327
650 4 _acondiciones de empleo
_930040
650 4 _aEspaña
_926964
650 4 _agobierno regional
_929907
650 4 _a2013
_931985
653 1 0 _aRelaciones laborales-Empleo
710 2 _aConfemetal
_92304
710 2 _aFundación Confemetal
_93781
_eed.
787 0 _tLa negociación colectiva en la industria del metal en 2012
_w(ES-MaCES)44472
902 _aLIB Libro
942 _2CES
_cBK
_h2.0.
999 _c44926
_d44926